|
|
|
|
| LEADER |
00761nab a2200193 i 4500 |
| 001 |
misc14057 |
| 005 |
20191106140746.0 |
| 008 |
170607s2004 hu o 0|| hun d |
| 022 |
|
|
|a 0025-0260
|
| 040 |
|
|
|a SZTE Miscellanea Repozitórium
|b hun
|
| 041 |
|
|
|a hun
|
| 100 |
1 |
|
|a Józsa Krisztián
|
| 245 |
1 |
0 |
|a Kísérlet a kooperatív tanulás alkalmazására a matematika tanítása során
|h [elektronikus dokumentum] /
|c Józsa Krisztián
|
| 260 |
|
|
|c 2004
|
| 300 |
|
|
|a 339-362
|
| 490 |
0 |
|
|a Magyar pedagógia : a Magyar Tudományos Akadémia Pedagógiai Bizottságának folyóirata
|v 104 No. 3
|
| 695 |
|
|
|a Matematika tanítása módszer
|
| 700 |
0 |
1 |
|a Székely Györgyi
|e aut
|
| 856 |
4 |
0 |
|u http://misc.bibl.u-szeged.hu/14057/1/mp_2004_003_6385_339-362.pdf
|z Dokumentum-elérés
|